[Event "AI Cup Play In"]
[Site "Chess.com INT"]
[Date "2023.09.18"]
[Round "1"]
[White "Salgado Lopez, Ivan"]
[Black "Safarli, Eltaj"]
[Result "0-1"]
[WhiteElo "2608"]
[BlackElo "2612"]
[PlyCount "154"]
[EventDate "2023.09.18"]
[EventType "swiss (rapid)"]
[EventRounds "9"]
[EventCountry "USA"]
[SourceTitle "EXT 2024"]
[Source "ChessBase"]
[SourceDate "2023.10.10"]
[SourceVersion "1"]
[SourceVersionDate "2023.10.10"]
[SourceQuality "1"]

1. e4 c5 2. Nf3 e6 3. g3 Nc6 4. Bg2 Nf6 5. Qe2 e5 6. 0-0 Be7 7. d3 h6 8. Na3 0-0 9. Nc4 d6 10. a4 Re8 11. b3 Bg4 12. Ne3 Nd4 13. Qd1 Be6 14. Nxd4 cxd4 15. Nc4 Rc8 16. Bd2 Bf8 17. Re1 Qc7 18. Rc1 d5 19. exd5 Bxd5 20. Bxd5 Nxd5 21. Qg4 Re6 22. Rxe5 Nf6 23. Qf5 g6 24. Qf4 Nh5 25. Qe4 Nf6 26. Qxd4 Rxe5 27. Qxe5 Qxe5 28. Nxe5 Ba3 29. Re1 Rxc2 30. Nc4 Bc5 31. h3 b6 32. Kf1 a6 33. Rc1 Ra2 34. Be3 Nd5 35. Bxc5 bxc5 36. Ne3 Nb4 37. Rxc5 Rxf2+ 38. Kg1 Rf3 39. Nd5 Nxd3 40. Rc3 Rxg3+ 41. Kh2 Rf3 42. b4 Rf2+ 43. Kg3 Rd2 44. b5 axb5 45. axb5 Ne5 46. Nf6+ Kg7 47. Ne4 Rb2 48. Nd6 Kf6 49. Re3 Rb4 50. Ne8+ Ke6 51. Nc7+ Kd6 52. Ne8+ Kd5 53. Nf6+ Ke6 54. Ng4 Rxb5 55. Nxh6 f5 56. Ra3 Kf6 57. Ra7 Rb3+ 58. Kg2 Nd3 59. h4 Nf4+ 60. Kf2 Rh3 61. Ng8+ Ke5 62. Ra5+ Ke6 63. Ra6+ Kf7 64. Nf6 Rxh4 65. Nd7 Kg7 66. Ne5 Rh3 67. Ra4 Nd3+ 68. Kg2 Re3 69. Ra7+ Kf6 70. Nc4 Re6 71. Ra5 Kg5 72. Kf3 Re4 73. Nd6 Rd4 74. Nf7+ Kf6 75. Nh6 Ne5+ 76. Ke3 Re4+ 77. Kd2 Kg7 0-1

[Event "AI Cup Play In"]
[Site "Chess.com INT"]
[Date "2023.09.18"]
[Round "8"]
[White "Salgado Lopez, Ivan"]
[Black "Smirnov, Pavel"]
[Result "0-1"]
[WhiteElo "2608"]
[BlackElo "2538"]
[PlyCount "40"]
[EventDate "2023.09.18"]
[EventType "swiss (rapid)"]
[EventRounds "9"]
[EventCountry "USA"]
[SourceTitle "EXT 2024"]
[Source "ChessBase"]
[SourceDate "2023.10.10"]
[SourceVersion "1"]
[SourceVersionDate "2023.10.10"]
[SourceQuality "1"]

1. e4 e5 2. Nf3 Nc6 3. Bc4 Nf6 4. d3 Bc5 5. Be3 Bxe3 6. fxe3 0-0 7. 0-0 d6 8. Qe1 Be6 9. Nbd2 Qe7 10. a3 Bxc4 11. Nxc4 a5 12. a4 d5 13. exd5 Nxd5 14. Qg3 f6 15. Rae1 Ndb4 16. Na3 e4 17. dxe4 Qxe4 18. Qxc7 Nxc2 19. Nxc2 Qxc2 20. Nd4 Nxd4 0-1

[Event "Aimchess Play In op"]
[Site "Chess.com INT"]
[Date "2023.06.12"]
[Round "2"]
[White "Alonso Rosell, Alvar"]
[Black "Salgado Lopez, Ivan"]
[Result "1-0"]
[WhiteElo "2570"]
[BlackElo "2591"]
[PlyCount "79"]
[EventDate "2023.06.12"]
[EventType "swiss (rapid)"]
[EventRounds "9"]
[EventCountry "USA"]
[SourceTitle "CBM 214 Extra"]
[Source "ChessBase"]
[SourceDate "2023.07.31"]
[SourceVersion "1"]
[SourceVersionDate "2023.07.31"]
[SourceQuality "1"]

1. d4 d5 2. c4 e6 3. Nf3 a6 4. Bg5 Be7 5. Bxe7 Nxe7 6. Nbd2 b6 7. g3 Bb7 8. Bg2 Nd7 9. Rc1 0-0 10. 0-0 c5 11. cxd5 Nxd5 12. Nc4 Qe7 13. e4 N5f6 14. e5 Nd5 15. Nd6 Rab8 16. Nxb7 Rxb7 17. Re1 h6 18. a3 Rd8 19. Nd2 cxd4 20. Bxd5 exd5 21. Nf3 Nc5 22. Nxd4 Qd7 23. b4 Ne6 24. Nf5 Rc7 25. Qg4 Rxc1 26. Rxc1 Kh8 27. Rd1 Qa4 28. Nd6 Kg8 29. Qf3 Ng5 30. Qd3 d4 31. f4 Ne6 32. f5 Nc7 33. f6 Nb5 34. Nxf7 Kxf7 35. Rf1 Qxa3 36. e6+ Kxe6 37. Qe4+ Kd7 38. Qe7+ Kc8 39. fxg7 Qb3 40. Rf8 1-0

[Event "Aimchess Play In op"]
[Site "Chess.com INT"]
[Date "2023.06.12"]
[Round "1"]
[White "Salgado Lopez, Ivan"]
[Black "Erigaisi, Arjun Kumar"]
[Result "1/2-1/2"]
[WhiteElo "2591"]
[BlackElo "2702"]
[PlyCount "74"]
[EventDate "2023.06.12"]
[EventType "swiss (rapid)"]
[EventRounds "9"]
[EventCountry "USA"]
[SourceTitle "CBM 214 Extra"]
[Source "ChessBase"]
[SourceDate "2023.07.31"]
[SourceVersion "1"]
[SourceVersionDate "2023.07.31"]
[SourceQuality "1"]

1. e4 e6 2. d4 d5 3. e5 c5 4. c3 Nc6 5. Nf3 Bd7 6. Be2 f6 7. 0-0 fxe5 8. Nxe5 Nxe5 9. dxe5 Qc7 10. Re1 0-0-0 11. Bf1 Ne7 12. a4 Kb8 13. Na3 c4 14. b4 cxb3 15. Qxb3 Nf5 16. c4 Bc5 17. cxd5 Rhf8 18. Ra2 exd5 19. Nb5 Bxb5 20. Qxb5 Nd4 21. Qd3 Ne6 22. a5 g6 23. a6 b6 24. g3 Qf7 25. Be3 Bxe3 26. Rxe3 d4 27. Ree2 Nc5 28. Qb5 d3 29. Reb2 Ne4 30. Qc6 d2 31. Rxb6+ axb6 32. a7+ Qxa7 33. Rxa7 Kxa7 34. Qc7+ Ka8 35. Qc6+ Ka7 36. Qc7+ Ka8 37. Qc6+ Ka7 1/2-1/2

[Event "Aimchess Play In op"]
[Site "Chess.com INT"]
[Date "2023.06.12"]
[Round "3"]
[White "Warmerdam, Max"]
[Black "Salgado Lopez, Ivan"]
[Result "1-0"]
[WhiteElo "2602"]
[BlackElo "2591"]
[PlyCount "105"]
[EventDate "2023.06.12"]
[EventType "swiss (rapid)"]
[EventRounds "9"]
[EventCountry "USA"]
[SourceTitle "CBM 214 Extra"]
[Source "ChessBase"]
[SourceDate "2023.07.31"]
[SourceVersion "1"]
[SourceVersionDate "2023.07.31"]
[SourceQuality "1"]

1. Nf3 d5 2. g3 e6 3. Bg2 Nf6 4. 0-0 Be7 5. d4 0-0 6. Ne5 Nfd7 7. c4 Nxe5 8. dxe5 c6 9. Nc3 b6 10. cxd5 cxd5 11. Nxd5 exd5 12. Qxd5 Qxd5 13. Bxd5 Bh3 14. Bxa8 Bxf1 15. Kxf1 Nd7 16. Bd5 Nxe5 17. Bf4 Ng6 18. Be3 Bf6 19. Rc1 Ne7 20. Be4 Bxb2 21. Rc7 Nc8 22. Bb7 Nd6 23. Bd5 Nb5 24. Rd7 Bd4 25. Bxd4 Nxd4 26. Rxa7 Ne6 27. Rb7 Rd8 28. Bxe6 fxe6 29. Rxb6 Rd1+ 30. Kg2 Kf7 31. a4 Ra1 32. Ra6 g5 33. g4 e5 34. Ra8 e4 35. e3 Kg6 36. a5 Kg7 37. a6 h6 38. h3 Kh7 39. Re8 Rxa6 40. Rxe4 Ra2 41. Kg3 Ra1 42. h4 gxh4+ 43. Kxh4 Rg1 44. Re7+ Kg6 45. Re6+ Kg7 46. f4 Rg2 47. e4 Rg1 48. f5 Rg2 49. e5 Rg1 50. Re7+ Kf8 51. f6 Kg8 52. Kh5 Kf8 53. e6 1-0

[Event "FRA-chT Top 16 Gp Haute"]
[Site "Chartres"]
[Date "2023.06.11"]
[Round "4.3"]
[White "Maghsoodloo, Parham"]
[Black "Salgado Lopez, Ivan"]
[Result "1/2-1/2"]
[WhiteElo "2716"]
[BlackElo "2591"]
[PlyCount "67"]
[EventDate "2023.06.08"]
[EventType "team-tourn"]
[EventRounds "4"]
[EventCountry "FRA"]
[SourceTitle "CBM 214 Extra"]
[Source "ChessBase"]
[SourceDate "2023.07.31"]
[SourceVersion "1"]
[SourceVersionDate "2023.07.31"]
[SourceQuality "1"]
[WhiteTeam "Clichy Echecs 92"]
[BlackTeam "Chalon"]
[WhiteTeamCountry "FRA"]
[BlackTeamCountry "FRA"]

1. Nf3 d5 2. g3 g6 3. Bg2 Bg7 4. d4 Nf6 5. 0-0 0-0 6. c4 c6 7. Nbd2 a5 8. Ne5 a4 9. e3 Nbd7 10. f4 c5 11. cxd5 cxd4 12. Ndc4 Nxe5 13. fxe5 Nxd5 14. Qxd4 Be6 15. Nd2 Qb6 16. Nf3 Qxd4 17. exd4 h6 18. Bd2 Rfc8 19. Rfc1 Nb6 20. Ne1 Bd5 21. Bxd5 Nxd5 22. Kf2 f6 23. Nd3 b6 24. Kf3 Kf7 25. Ke4 e6 26. Nf4 fxe5 27. dxe5 Nxf4 28. Bxf4 b5 29. Be3 Ke8 30. b3 Bf8 31. Rxc8+ Rxc8 32. Rf1 Bg7 33. Rd1 Bf8 34. Rf1 1/2-1/2

[Event "Chessable Masters Play In"]
[Site "Chess.com INT"]
[Date "2023.03.13"]
[Round "4"]
[White "Drygalov, Sergey"]
[Black "Salgado Lopez, Ivan"]
[Result "1-0"]
[WhiteElo "2547"]
[BlackElo "2591"]
[PlyCount "103"]
[EventDate "2023.03.13"]
[EventType "swiss (rapid)"]
[EventRounds "9"]
[EventCountry "USA"]
[SourceTitle "CBM 213 Extra"]
[Source "ChessBase"]
[SourceDate "2023.05.31"]
[SourceVersion "1"]
[SourceVersionDate "2023.05.31"]
[SourceQuality "1"]

1. d4 Nf6 2. c4 e6 3. Nf3 d5 4. Nc3 a6 5. cxd5 exd5 6. Bg5 Be6 7. e3 Nbd7 8. Bd3 h6 9. Bh4 g5 10. Bg3 Nh5 11. Qc2 Nxg3 12. hxg3 Bg7 13. 0-0 0-0 14. Bh7+ Kh8 15. Bf5 c6 16. g4 Qf6 17. Ne2 Bxf5 18. Qxf5 Qxf5 19. gxf5 Rfe8 20. Rac1 Bf8 21. g3 Bd6 22. Kg2 Kg7 23. Rcd1 a5 24. Nc1 Kf6 25. Rh1 Rh8 26. g4 h5 27. Rxh5 Rxh5 28. gxh5 Kxf5 29. Rh1 Rh8 30. Nd3 f6 31. Nd2 g4 32. f3 gxf3+ 33. Kxf3 Kg5 34. Rg1+ Kh6 35. e4 Re8 36. exd5 cxd5 37. Nf1 Kxh5 38. Ne3 f5 39. Nxd5 Re4 40. N3f4+ Bxf4 41. Nxf4+ Kh6 42. Rg6+ Kh7 43. Rd6 Nf8 44. Rf6 Kg7 45. Rxf5 Rxd4 46. Rxf8 Rd2 47. Rf5 Rxb2 48. Rxa5 b6 49. Ra6 b5 50. Ke3 b4 51. Nd3 Rb1 52. Rb6 1-0

[Event "Chessable Masters Play In"]
[Site "Chess.com INT"]
[Date "2023.03.13"]
[Round "3"]
[White "Salgado Lopez, Ivan"]
[Black "Hong, Andrew Z"]
[Result "1-0"]
[WhiteElo "2591"]
[BlackElo "2517"]
[PlyCount "119"]
[EventDate "2023.03.13"]
[EventType "swiss (rapid)"]
[EventRounds "9"]
[EventCountry "USA"]
[SourceTitle "CBM 213 Extra"]
[Source "ChessBase"]
[SourceDate "2023.05.31"]
[SourceVersion "1"]
[SourceVersionDate "2023.05.31"]
[SourceQuality "1"]

1. e4 e5 2. Nf3 Nf6 3. Nc3 Nc6 4. h3 g6 5. d4 exd4 6. Nxd4 Bg7 7. Nxc6 bxc6 8. Bd3 0-0 9. 0-0 Re8 10. Bg5 d6 11. f4 Rb8 12. Rb1 Bb7 13. Bh4 Qc8 14. e5 dxe5 15. Bxf6 Bxf6 16. Ne4 Bg7 17. f5 c5 18. fxg6 hxg6 19. Bc4 Bxe4 20. Rxf7 Rb4 21. Qe2 Rxc4 22. Qxc4 Qe6 23. Rxg7+ Kxg7 24. Qxe4 Qxa2 25. c4 Re7 26. h4 Qa6 27. Rd1 Qf6 28. Rd5 Qf4 29. Qxf4 exf4 30. Kf2 Kf6 31. Rxc5 Re3 32. b4 Rc3 33. b5 Ke6 34. Rxc7 Kf5 35. c5 Kg4 36. c6 Rc2+ 37. Kf1 Rb2 38. Rxa7 Rxb5 39. Rg7 Kf5 40. c7 Rc5 41. Ke2 Kf6 42. Rh7 Kf5 43. h5 Kg5 44. Rd7 Kxh5 45. Rd5+ Rxd5 46. c8Q Kg5 47. Qe6 Rf5 48. Kf3 Kh5 49. Qg8 Kh6 50. Kg4 Rg5+ 51. Kxf4 Rf5+ 52. Ke4 Kg5 53. Qg7 Rf4+ 54. Ke3 Rf5 55. Qe7+ Kg4 56. Qe6 Kg5 57. g3 Kh5 58. Ke4 Kg5 59. Qe7+ Kh5 60. Qh4# 1-0

[Event "Chessable Masters Play In"]
[Site "Chess.com INT"]
[Date "2023.03.13"]
[Round "6"]
[White "Salgado Lopez, Ivan"]
[Black "Maghsoodloo, Parham"]
[Result "1-0"]
[WhiteElo "2591"]
[BlackElo "2726"]
[PlyCount "79"]
[EventDate "2023.03.13"]
[EventType "swiss (rapid)"]
[EventRounds "9"]
[EventCountry "USA"]
[SourceTitle "CBM 213 Extra"]
[Source "ChessBase"]
[SourceDate "2023.05.31"]
[SourceVersion "1"]
[SourceVersionDate "2023.05.31"]
[SourceQuality "1"]

1. e4 d6 2. d4 Nf6 3. Nc3 g6 4. f4 Bg7 5. Nf3 0-0 6. Bd3 Nc6 7. e5 Nd7 8. 0-0 Nb4 9. Bc4 c5 10. exd6 exd6 11. dxc5 Nxc5 12. a3 Nc6 13. Nd5 h6 14. Kh1 Be6 15. c3 a5 16. a4 Rc8 17. Be3 Nb8 18. Nd4 Nbd7 19. f5 Bxd5 20. Bxd5 Nf6 21. Nb5 g5 22. Nxd6 Rc7 23. Ba2 Qe7 24. Re1 Nce4 25. Nxe4 Qxe4 26. Bb6 Qc6 27. Bxc7 Qxc7 28. Qe2 Qc5 29. Rad1 Qxf5 30. Rf1 Qc5 31. Qb5 Qc7 32. Qf5 Kh8 33. Rfe1 Qb6 34. Bb1 Kg8 35. Rf1 Re8 36. Qb5 Qe3 37. Qxb7 Re6 38. Ba2 Re7 39. Qa8+ Bf8 40. Rxf6 1-0

[Event "Airthings Masters Play In"]
[Site "Chess.com INT"]
[Date "2023.02.03"]
[Round "4"]
[White "Kravtsiv, Martyn"]
[Black "Salgado Lopez, Ivan"]
[Result "1-0"]
[WhiteElo "2598"]
[BlackElo "2591"]
[PlyCount "61"]
[EventDate "2023.02.03"]
[EventType "swiss (rapid)"]
[EventRounds "9"]
[EventCountry "USA"]
[SourceTitle "CBM 212 Extra"]
[Source "ChessBase"]
[SourceDate "2023.03.31"]
[SourceVersion "1"]
[SourceVersionDate "2023.03.31"]
[SourceQuality "1"]

1. e4 e6 2. d4 d5 3. e5 c5 4. c3 Nc6 5. Nf3 Bd7 6. Be2 cxd4 7. cxd4 Nge7 8. Na3 Nf5 9. Nc2 Nb4 10. 0-0 Nxc2 11. Qxc2 Rc8 12. Qb3 Qb6 13. Qxb6 axb6 14. Bd2 h5 15. Rfc1 Rc6 16. b4 Be7 17. b5 Rxc1+ 18. Rxc1 Kd8 19. a4 Ba3 20. Rc2 f6 21. Bd3 Be8 22. a5 bxa5 23. Bxa5+ Ke7 24. Rc7+ Bd7 25. Rxb7 Ra8 26. Bc3 Kd8 27. b6 Rc8 28. Bd2 Bc1 29. Ba5 Bb2 30. Rc7 Rxc7 31. b7 1-0

[Event "Airthings Masters Play In"]
[Site "Chess.com INT"]
[Date "2023.02.03"]
[Round "5"]
[White "Petrosyan, Manuel"]
[Black "Salgado Lopez, Ivan"]
[Result "1-0"]
[WhiteElo "2634"]
[BlackElo "2591"]
[PlyCount "81"]
[EventDate "2023.02.03"]
[EventType "swiss (rapid)"]
[EventRounds "9"]
[EventCountry "USA"]
[SourceTitle "CBM 212 Extra"]
[Source "ChessBase"]
[SourceDate "2023.03.31"]
[SourceVersion "1"]
[SourceVersionDate "2023.03.31"]
[SourceQuality "1"]

1. d4 e6 2. Nf3 Nf6 3. Bf4 b6 4. e3 Bb7 5. Be2 Be7 6. h3 d6 7. 0-0 Nbd7 8. a4 a5 9. Nc3 h6 10. Bh2 0-0 11. Nd2 Nd5 12. Nb5 N5f6 13. Bf3 Qc8 14. Ra3 Re8 15. Rc3 Bxf3 16. Qxf3 Nd5 17. Rc4 c6 18. Ne4 cxb5 19. Rxc8 Rexc8 20. Bxd6 bxa4 21. Bxe7 Nxe7 22. Nd6 Rf8 23. c4 Rab8 24. Ra1 Nc8 25. Nb5 Rd8 26. Rxa4 Nf6 27. b4 axb4 28. Rxb4 Ne7 29. Ra4 h5 30. Ra7 Nc8 31. Rc7 Nd6 32. Nxd6 Rxd6 33. g4 hxg4 34. hxg4 Rf8 35. g5 Nh7 36. Qg3 Rdd8 37. g6 Nf6 38. gxf7+ Rxf7 39. Rxf7 Kxf7 40. Qc7+ Rd7 41. Qxb6 1-0

[Event "Airthings Masters Play In"]
[Site "Chess.com INT"]
[Date "2023.02.03"]
[Round "1"]
[White "Salgado Lopez, Ivan"]
[Black "Shevchenko, Kirill"]
[Result "1-0"]
[WhiteElo "2591"]
[BlackElo "2662"]
[PlyCount "93"]
[EventDate "2023.02.03"]
[EventType "swiss (rapid)"]
[EventRounds "9"]
[EventCountry "USA"]
[SourceTitle "CBM 212 Extra"]
[Source "ChessBase"]
[SourceDate "2023.03.31"]
[SourceVersion "1"]
[SourceVersionDate "2023.03.31"]
[SourceQuality "1"]

1. e4 c5 2. Nf3 Nc6 3. Bb5 e6 4. 0-0 Nge7 5. Re1 b6 6. c3 a6 7. Bf1 d5 8. d3 Bb7 9. Bf4 Ng6 10. Bg3 Be7 11. Nbd2 0-0 12. a4 Qd7 13. exd5 exd5 14. d4 cxd4 15. Nxd4 Nxd4 16. cxd4 Bb4 17. Bd3 Rfe8 18. Rxe8+ Rxe8 19. Nf3 Bc6 20. Bxa6 Ra8 21. Bd3 Bxa4 22. b3 Bc6 23. Rxa8+ Bxa8 24. h4 Bd6 25. Qa1 Bc6 26. Bxd6 Qxd6 27. Qa7 Be8 28. Qa8 Qc6 29. Qxc6 Bxc6 30. Bxg6 hxg6 31. Ne5 Be8 32. f3 f6 33. Ng4 Kf7 34. Kf2 Bb5 35. Ke1 Ke6 36. Ne3 Ba6 37. Kd2 Kd6 38. h5 Ke6 39. hxg6 f5 40. g3 Kf6 41. Nxd5+ Kxg6 42. Ke3 Bb7 43. Nxb6 Kf6 44. d5 g5 45. f4 gxf4+ 46. gxf4 Ke7 47. Kd4 1-0

[Event "MrDodgy Online Inv Gp-A 3rd"]
[Site "Chess.com INT"]
[Date "2022.11.25"]
[Round "11"]
[White "Salgado Lopez, Ivan"]
[Black "Dubov, Daniil"]
[Result "0-1"]
[WhiteElo "2591"]
[BlackElo "2708"]
[PlyCount "128"]
[EventDate "2022.11.25"]
[EventType "tourn (blitz)"]
[EventRounds "15"]
[EventCountry "GER"]
[EventCategory "15"]
[SourceTitle "CBM 211 Extra"]
[Source "ChessBase"]
[SourceDate "2023.01.31"]
[SourceVersion "1"]
[SourceVersionDate "2023.01.31"]
[SourceQuality "1"]

1. e4 e5 2. Nf3 Nc6 3. Nc3 Nf6 4. d4 exd4 5. Nxd4 Bb4 6. Nxc6 bxc6 7. Bd3 0-0 8. 0-0 d5 9. exd5 cxd5 10. h3 c6 11. Qf3 Rb8 12. Bf4 Bd6 13. b3 Be6 14. Rfe1 Qc7 15. Ne2 Rfe8 16. Bxd6 Qxd6 17. Nf4 Bd7 18. Qg3 Qb4 19. c3 Qa3 20. Re3 Rxe3 21. Qxe3 Re8 22. Qd2 Qd6 23. b4 g6 24. Ne2 c5 25. bxc5 Qxc5 26. Nd4 Rc8 27. Rc1 Kg7 28. Qe3 Qa3 29. Qd2 h6 30. f3 a5 31. Bf1 a4 32. h4 Qd6 33. Re1 Qg3 34. Qf2 Qxf2+ 35. Kxf2 Rxc3 36. Re2 Rd3 37. Nc2 Kf8 38. Re1 Rc3 39. Nd4 Ra3 40. Re2 Rd3 41. Nc2 Rc3 42. Nd4 g5 43. hxg5 hxg5 44. Rd2 Ke7 45. Be2 Kd6 46. Bd1 g4 47. Be2 g3+ 48. Ke1 Nh5 49. Bb5 Nf4 50. Bxd7 Rc1+ 51. Rd1 Nxg2+ 52. Kd2 Rxd1+ 53. Kxd1 Kxd7 54. Ne2 Ne3+ 55. Kd2 Nf5 56. Kc3 Kd6 57. Kb4 d4 58. Kc4 g2 59. f4 Kc6 60. a3 Kd6 61. Ng1 Ke6 62. Ne2 Kf6 63. Kd3 Kg6 64. Ke4 Ng3+ 0-1

[Event "MrDodgy Online Inv Gp-A 3rd"]
[Site "Chess.com INT"]
[Date "2022.11.25"]
[Round "5"]
[White "Salgado Lopez, Ivan"]
[Black "Jobava, Baadur"]
[Result "1/2-1/2"]
[WhiteElo "2591"]
[BlackElo "2578"]
[PlyCount "60"]
[EventDate "2022.11.25"]
[EventType "tourn (blitz)"]
[EventRounds "15"]
[EventCountry "GER"]
[EventCategory "15"]
[SourceTitle "CBM 211 Extra"]
[Source "ChessBase"]
[SourceDate "2023.01.31"]
[SourceVersion "1"]
[SourceVersionDate "2023.01.31"]
[SourceQuality "1"]

1. e4 c6 2. d4 d5 3. exd5 cxd5 4. Bd3 Nf6 5. h3 Nc6 6. c3 g6 7. Nf3 Bf5 8. Ne5 Bxd3 9. Nxd3 e6 10. Bf4 Bd6 11. Bxd6 Qxd6 12. Nd2 0-0 13. 0-0 Kg7 14. Re1 Rab8 15. Qe2 b5 16. a3 a5 17. b4 a4 18. Nc5 Ne7 19. Nf3 h5 20. Qd3 Nf5 21. Re2 Rfe8 22. Rae1 h4 23. Ne5 Rb6 24. Qf3 Qd8 25. g4 Nd6 26. Qf4 Nh7 27. Ned7 Rc6 28. Ne5 Rb6 29. Ned7 Rc6 30. Ne5 Rb6 1/2-1/2

[Event "MrDodgy Online Inv Gp-A 3rd"]
[Site "Chess.com INT"]
[Date "2022.11.25"]
[Round "15"]
[White "Salgado Lopez, Ivan"]
[Black "Pichot, Alan"]
[Result "1/2-1/2"]
[WhiteElo "2591"]
[BlackElo "2637"]
[PlyCount "142"]
[EventDate "2022.11.25"]
[EventType "tourn (blitz)"]
[EventRounds "15"]
[EventCountry "GER"]
[EventCategory "15"]
[SourceTitle "CBM 211 Extra"]
[Source "ChessBase"]
[SourceDate "2023.01.31"]
[SourceVersion "1"]
[SourceVersionDate "2023.01.31"]
[SourceQuality "1"]

1. e4 c5 2. Nf3 e6 3. g3 Nc6 4. Bg2 Nf6 5. Qe2 d5 6. exd5 Nxd5 7. 0-0 Be7 8. Rd1 Qb6 9. Nc3 0-0 10. d3 Bd7 11. a3 Rfe8 12. h4 Rad8 13. h5 h6 14. Ne4 Nd4 15. Nxd4 cxd4 16. Nd2 Rc8 17. Nc4 Qc5 18. Re1 Bf6 19. a4 Bc6 20. Bd2 Qe7 21. Qg4 Kh8 22. Re2 Qd7 23. a5 Ne7 24. Rae1 Bxg2 25. Kxg2 Qd5+ 26. Kg1 Red8 27. Bf4 Qf5 28. Qxf5 Nxf5 29. g4 Nh4 30. Ra1 Kg8 31. Kh2 Nf3+ 32. Kg3 Ng5 33. Ra3 Rd7 34. Rb3 Rc6 35. Rb5 Nh7 36. Be5 Nf8 37. Bxf6 gxf6 38. f4 a6 39. Rb4 Rc5 40. Re4 Kg7 41. Kf3 Kg8 42. Rb6 Kg7 43. b4 Rc8 44. b5 axb5 45. Rxb5 Rcc7 46. Re1 Rd5 47. Reb1 Rxb5 48. Rxb5 Nd7 49. Ke4 f5+ 50. gxf5 Nf6+ 51. Kxd4 Nxh5 52. fxe6 Nxf4 53. exf7 Rxf7 54. Nd6 Ne6+ 55. Ke5 Nc7 56. Nxf7 Nxb5 57. Nd8 h5 58. Nxb7 Kf8 59. c4 Nc7 60. Nc5 Ke7 61. a6 h4 62. Kf4 Kd6 63. d4 Kc6 64. a7 Kb6 65. Ne6 Nxe6+ 66. Kg4 Kxa7 67. d5 Nc7 68. Kxh4 Kb6 69. Kg4 Nxd5 70. cxd5 Kc5 71. Kf5 Kxd5 1/2-1/2

[Event "Titled Tuesday intern op 25th Oct Early"]
[Site "Chess.com INT"]
[Date "2022.10.25"]
[Round "7"]
[White "Fernandez Garcia, Gumersindo"]
[Black "Salgado Lopez, Ivan"]
[Result "0-1"]
[WhiteElo "2172"]
[BlackElo "2591"]
[PlyCount "66"]
[EventDate "2022.10.25"]
[EventType "swiss (blitz)"]
[EventRounds "11"]
[EventCountry "USA"]
[SourceTitle "EXT 2024"]
[Source "ChessBase"]
[SourceDate "2023.10.10"]
[SourceVersion "1"]
[SourceVersionDate "2023.10.10"]
[SourceQuality "1"]

1. d4 d5 2. c4 e6 3. Nc3 Nf6 4. cxd5 exd5 5. Bg5 Be7 6. e3 h6 7. Bh4 0-0 8. Bd3 Re8 9. Qc2 c6 10. Nge2 a5 11. 0-0 Na6 12. Rae1 Nb4 13. Qb1 Nxd3 14. Qxd3 b5 15. f3 Ba6 16. Qd2 Rc8 17. Bf2 Nd7 18. e4 Nb6 19. b3 b4 20. Nd1 dxe4 21. fxe4 c5 22. d5 Bf6 23. Nb2 Rxe4 24. Qc2 Qxd5 25. Ng3 Rxe1 26. Rxe1 Bb7 27. Ne4 Bxb2 28. Qxb2 f5 29. Bxc5 Nd7 30. Qc1 Rxc5 31. Qf4 fxe4 32. Qg4 Nf6 33. Qg6 Qg5 0-1

[Event "Titled Tuesday intern op 25th Oct Late"]
[Site "Chess.com INT"]
[Date "2022.10.25"]
[Round "1"]
[White "Ferreira, Vitor Hugo Vieira"]
[Black "Salgado Lopez, Ivan"]
[Result "1-0"]
[WhiteElo "2128"]
[BlackElo "2591"]
[PlyCount "85"]
[EventDate "2022.10.25"]
[EventType "swiss (blitz)"]
[EventRounds "11"]
[EventCountry "USA"]
[SourceTitle "EXT 2024"]
[Source "ChessBase"]
[SourceDate "2023.10.10"]
[SourceVersion "1"]
[SourceVersionDate "2023.10.10"]
[SourceQuality "1"]

1. Nf3 d5 2. g3 e6 3. Bg2 Nf6 4. 0-0 Be7 5. c4 0-0 6. cxd5 exd5 7. d3 c6 8. Nc3 Na6 9. e4 dxe4 10. dxe4 Nc5 11. e5 Qxd1 12. Rxd1 Nfd7 13. Bf4 Re8 14. Rd2 h6 15. h4 Ne6 16. Be3 Nb6 17. b3 Bc5 18. Bxc5 Nxc5 19. Rad1 Bg4 20. Re1 Ncd7 21. Rde2 Re7 22. Re3 Rae8 23. Nh2 Bf5 24. f4 h5 25. Nf3 Bg4 26. Ng5 Nf8 27. Nge4 Nc8 28. Nf2 Bf5 29. Na4 Ne6 30. Bf3 g6 31. Nc3 Rd7 32. Nfe4 Bxe4 33. Nxe4 Kg7 34. Nf6 Red8 35. Nxd7 Rxd7 36. Rd1 Nd4 37. Kf2 Ne7 38. Red3 c5 39. b4 b6 40. bxc5 bxc5 41. Be4 Rc7 42. Rc3 Nc8 43. Rxd4 1-0

[Event "Titled Tuesday intern op 25th Oct Early"]
[Site "Chess.com INT"]
[Date "2022.10.25"]
[Round "9"]
[White "Gabrielian, Artur"]
[Black "Salgado Lopez, Ivan"]
[Result "1-0"]
[WhiteElo "2460"]
[BlackElo "2591"]
[PlyCount "67"]
[EventDate "2022.10.25"]
[EventType "swiss (blitz)"]
[EventRounds "11"]
[EventCountry "USA"]
[SourceTitle "EXT 2024"]
[Source "ChessBase"]
[SourceDate "2023.10.10"]
[SourceVersion "1"]
[SourceVersionDate "2023.10.10"]
[SourceQuality "1"]

1. e4 c6 2. d4 d5 3. e5 Bf5 4. h4 h5 5. Bd3 Bxd3 6. Qxd3 e6 7. Nf3 Qa5+ 8. Nbd2 Qa6 9. c4 Nh6 10. 0-0 Nf5 11. b3 Nd7 12. a4 Qa5 13. Ba3 Bxa3 14. Rxa3 Qb4 15. Raa1 a5 16. g3 0-0 17. Rfe1 Rfd8 18. cxd5 cxd5 19. Nf1 Rac8 20. Rac1 Qa3 21. Ra1 Qb4 22. Rec1 Nf8 23. Ne3 Nxe3 24. fxe3 Nh7 25. Kg2 g6 26. Ng1 Kg7 27. Ne2 Nf8 28. Rf1 Nd7 29. Rf2 Rf8 30. Raf1 Rc7 31. g4 hxg4 32. h5 Qe7 33. Nf4 Rh8 34. Nxg6 1-0

[Event "Titled Tuesday intern op 25th Oct Early"]
[Site "Chess.com INT"]
[Date "2022.10.25"]
[Round "5"]
[White "Milikow, Yoav"]
[Black "Salgado Lopez, Ivan"]
[Result "1-0"]
[WhiteElo "2412"]
[BlackElo "2591"]
[PlyCount "131"]
[EventDate "2022.10.25"]
[EventType "swiss (blitz)"]
[EventRounds "11"]
[EventCountry "USA"]
[SourceTitle "EXT 2024"]
[Source "ChessBase"]
[SourceDate "2023.10.10"]
[SourceVersion "1"]
[SourceVersionDate "2023.10.10"]
[SourceQuality "1"]

1. d4 d5 2. c4 e6 3. Nc3 Nf6 4. Nf3 Be7 5. g3 0-0 6. Bg2 c6 7. 0-0 Nbd7 8. Qd3 b6 9. cxd5 cxd5 10. Bf4 Bb7 11. Nb5 a6 12. Nd6 Bxd6 13. Bxd6 Re8 14. Rac1 Rc8 15. Qa3 Rxc1 16. Rxc1 Qa8 17. Rc7 Rc8 18. Ne5 Rxc7 19. Bxc7 Qc8 20. Nxd7 Nxd7 21. Qd6 h6 22. Bf1 b5 23. f3 Nf6 24. Qd8+ Qxd8 25. Bxd8 Kf8 26. e3 Ke8 27. Ba5 Kd7 28. Kf2 Ne8 29. Ke1 Nd6 30. b3 Bc6 31. Kd2 f6 32. Bb4 Kc7 33. Bd3 Be8 34. g4 g5 35. h3 Kc6 36. Ba5 Nb7 37. Bb4 Nd6 38. Kc2 h5 39. Kd2 hxg4 40. hxg4 Bf7 41. Kc2 Be8 42. Kb2 Bf7 43. Ka3 e5 44. Bh7 e4 45. f4 Be6 46. f5 Bd7 47. Bg8 Bc8 48. Ba5 Bxf5 49. gxf5 Nxf5 50. Bd2 g4 51. Bh7 g3 52. Be1 g2 53. Bf2 Nh4 54. Kb4 Kb6 55. Bg8 Nf3 56. Bxd5 f5 57. Be6 f4 58. exf4 g1Q 59. Bxg1 Nxg1 60. f5 e3 61. Kc3 e2 62. Kd2 Nf3+ 63. Kxe2 Nxd4+ 64. Kd3 Kc5 65. b4+ Kxb4 66. Kxd4 1-0